| 000 | 00678nam a2200217 i 4500 | ||
|---|---|---|---|
| 001 | 18863 | ||
| 003 | ES-MaACL | ||
| 007 | t| | ||
| 008 | 020325s1972 sp ||||1| spa d | ||
| 080 | _a9.460"1936/39"(093.32) | ||
| 100 | 1 |
_aLamas Arroyo, Angel. _969779 |
|
| 245 | 1 | 0 |
_aUnos... y... otros... / _cAngel Lamas Arroyo. |
| 250 | _a[1ª ed.]. | ||
| 260 |
_aBarcelona : _bLuis de Caralt, _c1972. |
||
| 300 |
_a640 p. : _bmap. ; _c22 cm. |
||
| 490 | 1 | _aLa vida vivida | |
| 651 | 4 |
_aEspaña- _xHistoria- _y1936-1939, Guerra civil- _vRelatos personales. _98326 |
|
| 830 | 0 | 3 |
_aLa vida vivida _9180877 |
| 852 |
_aES-MaACL _jG-4689 _bR.131010 |
||
| 999 |
_c18863 _d18863 |
||